LEADER 01395nas 2200481-a 450 001 996204818803316 005 20240125005912.0 035 $a(OCoLC)44539162 035 $a(CKB)111018891860006 035 $a(CONSER)---00215556- 035 $a(EXLCZ)99111018891860006 100 $a20000706a20009999 s-- a 101 0 $aeng 135 $aurcn||||||||| 181 $ctxt$2rdacontent 182 $cc$2rdamedia 183 $acr$2rdacarrier 200 00$aAccounting and the public interest 210 $aSarasota, FL $cAmerican Accounting Association 300 $aRefereed/Peer-reviewed 311 $a1530-9320 517 1 $aAPI 531 $aACCOUNTING AND THE PUBLIC INTEREST 606 $aCommerce$vPeriodicals 606 $aAccounting$vPeriodicals 606 $aBusiness Education$2ebps 606 $aPublic Interest Law$2ebps 606 $aAccounting$2fast$3(OCoLC)fst00795379 606 $aCommerce$2fast$3(OCoLC)fst00869279 608 $aPeriodicals.$2fast 610 $aCommerce - General 615 0$aCommerce 615 0$aAccounting 615 7$aBusiness Education. 615 7$aPublic Interest Law. 615 7$aAccounting. 615 7$aCommerce. 676 $a338 712 02$aAmerican Accounting Association. 906 $aJOURNAL 912 $a996204818803316 996 $aAccounting and the public interest$92414978 997 $aUNISA